(Record no. 185653)
[ view plain ]
| 000 -CABECERA | |
|---|---|
| campo de control de longitud fija | 00971nam a2200205Ia 4500 |
| 001 - NÚMERO DE CONTROL | |
| campo de control | IA_2547,07/04/2015,07/04/2015,5232272015 MX NMBL8223223122SPA16," |
| 008 - DATOS DE LONGITUD FIJA--INFORMACIÓN GENERAL | |
| campo de control de longitud fija | 220117sS. P xx 000 0 und d |
| 010 ## - NÚMERO DE CONTROL DE LA BIBLIOTECA DEL CONGRESO | |
| Número de control de LC | 185653 |
| 090 ## - LOCALMENTE ASIGNADO TIPO-LC NÚMERO DE CLASIFICACIÓN (OCLC); NÚMERO DE CLASIFICACIÓN LOCAL (RLIN) | |
| Número de clasificación (OCLC) (R) ; Numero de clasificación, CALL (RLIN) (NR) | Tesis C78 2015 |
| 100 ## - ENTRADA PRINCIPAL--NOMBRE DE PERSONA | |
| Nombre de persona | Cruz Martínez |
| 9 (RLIN) | 159797 |
| 260 ## - PUBLICACIÓN, DISTRIBUCIÓN, ETC. | |
| Lugar de publicación, distribución, etc. | México : |
| Nombre del editor, distribuidor, etc. | El autor, |
| Fecha de publicación, distribución, etc. | S. P |
| 300 ## - DESCRIPCIÓN FÍSICA | |
| Extensión | vi |
| 500 ## - NOTA GENERAL | |
| Nota general | El CD contiene reporte |
| 901 ## - ELEMENTOS DE DATOS A LOCAL LDA (RLIN) | |
| a | recibirá un mayor precio por la leche al transformarlo en yogur y generar valor agregado a diferencia que se comercialice como leche fría. Con base a un análisis integral de la factibilidad |
| 902 ## - ELEMENTOS DE DATOS B LOCAL, LDB (RLIN) | |
| a | rentabilidad y riesgo del proyecto se presenta un dictamen sobre la conveniencia y condiciones para realizar el proyecto de agregación de la línea de producción de yogur. |
| 904 ## - ELEMENTOS DE DATOS D LOCAL, LDD (RLIN) | |
| a | S. P |
| 942 ## - ELEMENTOS DE PUNTO DE ACCESO ADICIONAL (KOHA) | |
| Tipo de ítem Koha | |
No items available.
